| 000 | 01036cab a2200241 4500 | ||
|---|---|---|---|
| 001 | ABS45493 | ||
| 008 | 090401t1991 xxu||||| |||| 00| 0 eng d | ||
| 035 | _a(Sirsi) u53374 | ||
| 041 | _aeng | ||
| 245 | _aBarratt Leeds Ltd v SOS for the Environment and Rotherham MBC | ||
| 260 | _c1991 | ||
| 350 | _a0 | ||
| 490 |
_aJournal of Planning and Environment Law _v1991 JPL 1048-1054(7) |
||
| 520 | _aQBD 7 December 1990. In considering an appeal by B against the Inspector`s refusal of planning permission for a residential development on agricultural land, it was held that the Inspector had failed to address the advice given in DOE Circular 16/87 regarding the classification of agricultural land. Decision quashed. | ||
| 650 | _aAGRICULTURAL LAND CLASSIFICATION | ||
| 650 | _aBARRATT LEEDS LTD V SOS FOR ENVIRONMENT AND ROTHERHAM MBC | ||
| 650 | _aDOE CIRCULAR 16/1987 | ||
| 650 | _aPLANNING APPEALS | ||
| 650 | _aPLANNING PERMISSION | ||
| 690 | _aPLANNING LAW AND PRACTICE-CASE LAW | ||
| 942 | _n0 | ||
| 948 | _c04/03/1997 | ||
| 999 |
_c32905 _d32905 |
||